BFB Title Quiz! - Statistics

General Stats
  • This quiz has been taken 42 times
  • The average score is 19 of 30
Answer Stats
Picture Answer % Correct
Getting Teardrop To Talk
90%
Chapter Complete
86%
A Taste Of Space
81%
SOS Save Our Show
76%
This Episode Is About Basketball
76%
Lick Your Way To Freedom
71%
The Escape From Four
71%
The Four Is Lava
71%
Enter The Exit
67%
Fortunate Ben
67%
The Hidden Contestant
67%
What Do You Think Of Roleplay
67%
Who Stole Donuts Diary
67%
Todays Very Special Episode
62%
BFB = Back From Beginning
57%
Don't Dig Straight Down
57%
Questions Answered
57%
Return Of The Rocket Ship
57%
Take The Tower
57%
The Liar Ball You Dont Want
57%
Fashion For Your Face
52%
Four Goes Too Far
52%
How Loe Can You Grow
52%
The Tweested Temple
52%
Uprooting Everything
52%
Why Would You Do This On A Swingset
52%
Get To The Top In 500 Steps
48%
The Game Has Changed
48%
Lets Raid The Warehouse
43%
X Marks The Spot
43%
No matching quizzes found
Score Distribution
Percent of People with Each Score
Percentile by Number Answered
Your Score History
You have not taken this quiz